000 00292nam a22001337a 4500
008 170525b xxu||||| |||| 00| 0 eng d
020 _a9780256180312
041 _aeng
080 _a624
100 _a26
101 _aIM
245 _aMANUFACTURING AUTOMATION
_cCOHEN,M.A
942 _2udc
_cBK
999 _c14239
_d14239